| 000 | 00820pam a2200277 i 4500 | ||
|---|---|---|---|
| 001 | 1319118 | ||
| 005 | 20170105201131.0 | ||
| 008 | 780324r1978 maub b 001 0 eng | ||
| 010 | _a 78005924 | ||
| 020 | _a0316174351 | ||
| 040 |
_aDLC _cDLC _dDLC |
||
| 043 |
_afb----- _af------ |
||
| 100 | 1 |
_aDavidson, Basil, _d1914-2010. |
|
| 245 | 1 | 0 |
_aLet freedom come : _bAfrica in modern history / _cby Basil Davidson. |
| 250 | _a1st American ed. | ||
| 260 |
_aBoston : _bLittle, Brown, _cc1978. |
||
| 300 |
_a431 p. : _bmaps ; _c22 cm. |
||
| 336 | _atext | ||
| 337 | _aunmediated | ||
| 338 | _avolume | ||
| 500 | _a"An Atlantic Monthly Press book." | ||
| 504 | _aIncludes bibliographical references and indexes. | ||
| 651 | 0 |
_aAfrica _xHistory _y1884-1960. |
|
| 651 | 0 |
_aAfrica _xHistory _y1960- |
|
| 942 |
_2lcc _cBK |
||
| 999 |
_c40392 _d40392 |
||